Visual complex analysis /

Guardado en:
Autor Principal: Needham, Tristan.
Formato: Libro
Idioma:English
Publicado: Oxford : New York : Clarendon Press ; Oxford University Press, 1998, c1997.
Materias:
Acceso en línea:Publisher description
Etiquetas: Agregar Etiqueta
Sin Etiquetas, Sea el primero en etiquetar este registro!
LEADER 01285cam a2200217 a 4500
001 MAT.inmabb006533
008 970625t19981997enka#####b####001#0#eng#d
005 20130323172025.0
245 1 0 |a Visual complex analysis /  |c Tristan Needham. 
260 |a Oxford :  |b Clarendon Press ;  |a New York :  |b Oxford University Press,  |c 1998, c1997. 
300 |a xxiii, 592 p. :  |b il. ;  |c 24 cm. 
504 |a Incluye referencias bibliográficas (p. [573]-578) e índice. 
505 0 |a 1. Geometry and complex arithmetic -- 2. Complex functions as transformations -- 3. Möbius transformations and inversion -- 4. Differentiation: the amplitwist concept -- 5. Further geometry of differentiation -- 6. Non-Euclidean geometry -- 7. Winding numbers and topology -- 8. Complex integration: Cauchy's theorem -- 9. Cauchy's formula and its applications -- 10. Vector fields: physics and topology -- 11. Vector fields and complex integration -- 12. Flows and harmonic functions. 
510 4 |a MR,  |c 98g:30001 
020 |a 9780198534464 
100 1 |a Needham, Tristan. 
650 0 |a Functions of complex variables. 
650 0 |a Mathematical analysis. 
084 |a 30-01  |2 msc2000 
856 4 2 |3 Publisher description  |u http://www.loc.gov/catdir/enhancements/fy0640/97165737-d.html 
859 |h 30  |i N374  |p A-8754  |b BIB. MATEMATICA